Northampton Town Trivia - Statistics

General Stats
  • This quiz has been taken 15 times
  • The average score is 5 of 15
Answer Stats
Question Answer % Correct
What is Northampton Town’s nickname? The {Cobblers}
100%
What is the name of Northampton Town’s stadium? Sixfields Stadium
67%
With which club does Northampton Town contest the Nene Derby? Peterborough United
53%
Who is the current captain of Northampton Town? Jon Guthrie
47%
Who is the current manager of Northampton Town? Kevin Nolan
47%
Which Premier League giants did Northampton Town, then in League Two, beat 4-2 on penalties in the Third Round of the 2010/11 Carling Cup? Liverpool
47%
From 1897 until 1994, Northampton Town played at which ground? County Ground
40%
Who is Northampton Town’s record sale, joining Brentford for £1m in 2020? Charlie Goode
33%
Which Northampton Town manager guided them to the 1908/09 Southern League title, prior to a successful and innovative career with Huddersfield Town and Arsenal? Herbert Chapman
20%
Who scored the winning goal as Northampton Town beat Swansea City 1-0 to win the 1997 Third Division Play-Off Final? John Frain
20%
Who is Northampton Town’s record signing, arriving from OIdham Athletic for £165k in 2003? Josh Low
20%
Which Englishman is Northampton Town’s record goalscorer with 143? Jack English
13%
Which Englishman is Northampton Town’s record appearance-maker with 552? Tommy Fowler
13%
Which Northampton Town manager guided the club from the Fourth Division to the First Division in just five seasons? Dave Bowen
7%
Northampton Town played which team in the 1909 FA Charity Shield, marking their only appearance in a national cup final to date? Newcastle United
7%
No matching quizzes found
Score Distribution
Percent of People with Each Score
Percentile by Number Answered
Your Score History
You have not taken this quiz